Flawed Family Laws in Hungary

Rodina. Má to byť skupina ľudí, kde všetci jednotlivci môžu nájsť bezpečie, prijatie a neobmedzenú starostlivosť bez ohľadu na ich temperament alebo špeciálne potreby. Sú však situácie, v ktorých sa všetky tieto veci, ktoré spájajú skupinu ľudí do rodiny, stanú nereálnymi a nezostane nič – iba nočná...

Ausführliche Beschreibung

Gespeichert in:
Bibliographische Detailangaben
1. Verfasser: Kontsek, Veronika
Format: Buchkapitel
Sprache:Englisch
Schlagworte:
Tags: Tag hinzufügen
Keine Tags, Fügen Sie das erste Tag hinzu!

MARC

LEADER 00000naa a2200000 4500
001 0294238
005 20240417075239.4
041 0 |a eng 
044 |a PL 
245 1 0 |a Flawed Family Laws in Hungary  |c Veronika Kontsek 
520 |a Rodina. Má to byť skupina ľudí, kde všetci jednotlivci môžu nájsť bezpečie, prijatie a neobmedzenú starostlivosť bez ohľadu na ich temperament alebo špeciálne potreby. Sú však situácie, v ktorých sa všetky tieto veci, ktoré spájajú skupinu ľudí do rodiny, stanú nereálnymi a nezostane nič – iba nočná mora. Nočná mora, ktorú ostatní ľudia nevidia, je to len hlboké a hanebné tajomstvo: domáce násilie. 
610 2 0 |a právo rodinné 
610 2 0 |a práva ľudské 
610 2 0 |a žena a rodina 
610 2 0 |a agresia 
610 2 0 |a rovnosť rodová 
610 2 0 |a činy trestné 
100 1 |a Kontsek, Veronika